| 000 | 00556nam a22001817a 4500 | ||
|---|---|---|---|
| 005 | 20231129142806.0 | ||
| 008 | 231129b |||||||| |||| 00| 0 eng d | ||
| 020 | _a040905951 X | ||
| 041 | _aAfrikaans | ||
| 082 | _a340 VAN | ||
| 100 |
_aVan der Merwe, FE _lAfrikaans |
||
| 245 |
_aNotariele Praktyk / _cFE Van der Merwe |
||
| 250 | _aTweede Uitgawe | ||
| 260 |
_aDurban : _bButterworth Uitgewers (Edms) Bpk, _c1989 |
||
| 300 |
_bxxii, 359 pages ; _c25,5 cm. |
||
| 650 |
_aLegal practice _bLaw |
||
| 942 |
_cBK _6ALISON_BN_VRIES |
||
| 999 |
_c1060 _d1060 |
||